00731nam a2200241 a 4500001001300000003000900013005001700022008004100039020001300080082001600093100002100109245007700130260003200207300000900239500003500248505001000283650002900293700002100322902000800343942000700351952011600358999001500474nice12345678IN_TiNIC20260116012028.0050524s1980 chia grp 000 0 eng  ac373.6500a220.07bUNG aUnger, Merrill F aUnger`s Bible Hand Bookb an Essential Guide to Understanding the Bible. aChicagobMoody Press c1980 a930p aincludes index and biblioraphy2 aIndex aBible-Study and Teaching1 aUnger, Merrill F bSRS cBK 001040708StackRoom-aHMIbHMId2007-06-14g373.65l0o220.07 UNGp09796r2007-06-14v373.65w2005-05-24yBK c5338d5338